00554nam a2200193Ia 4500003000400000005001700004008004100021020001800062040000700080041000800087082002400095100001900119245007600138245006900214260002800283300001100311365001600322650002200338OSt20230425154332.0210423s2018 xx 000 0 und d a9781912453092 cAL aeng a820.9237 223bPOHA aPOHL (Rebecca) aAnalysis of Sandra M Gilbert and Susan Gubars the madwoman in the attic 4bThe woman writer and the nineteenth-century literary imagination aLondonbRoutledgec2018 a81bPB b549.88cGBP aEnglish Criticism